| 000 | 01473nam a2200277 a 4500 | ||
|---|---|---|---|
| 001 | 3555449 | ||
| 003 | OSt | ||
| 005 | 20230914092452.0 | ||
| 008 | 971112s1997 nyu b 000 0 eng | ||
| 010 | _a 97214426 | ||
| 020 | _a0321003861 (pbk.) | ||
| 040 |
_aWIUC - GH _cWIUC - GH |
||
| 050 | 0 | 0 |
_aPN4121 _b.G39 1997 |
| 082 | 0 | 0 |
_a808.5/1 _221 |
| 100 | 1 |
_aGerman, Kathleen. _92412 |
|
| 245 | 1 | 0 |
_aTeaching public speaking / _cby Kathleen German. |
| 260 |
_a[New York] : _bLongman Publishers, _cc1997. |
||
| 300 |
_a105 p. ; _c23 cm. |
||
| 504 | _aIncludes bibliographical references (p. 86-105). | ||
| 505 | _aContents: Planning your course -- Developing a schedule -- Developing speaking assignments -- Helping students find speaking topics -- Handling students' communication anxiety -- Establishing rapport and motivating students -- Facilitating learning in the classroom -- Critical thinking skills -- Incorporating diversity in the classroom -- Planning lectures -- Using classroom exercises --Facilitating discussion -- Assessing student performance -- Improving your teaching -- Videotape assessment of teaching -- A final checklist -- A selected bibliography -- Audiovisual resources | ||
| 650 | 0 |
_aPublic speaking. _9715 |
|
| 650 | 0 |
_aCommunication _xStudy and teaching. _92413 |
|
| 906 |
_a7 _bcbc _corignew _d3 _encip _f19 _gy-gencatlg |
||
| 942 |
_2lcc _cBK |
||
| 999 |
_c10053 _d17553 |
||